Quo vadis computational intelligence? : new trends and approaches in computational intelligence

Αποθηκεύτηκε σε:
Λεπτομέρειες βιβλιογραφικής εγγραφής
Άλλοι συγγραφείς: Sincak, Peter 1960- (Επιμελητής έκδοσης), Vascak, Jan (Επιμελητής έκδοσης)
Μορφή: Βιβλίο
Γλώσσα:English
Δημοσίευση: Heidelberg : Physica-Verlag, c2000
Σειρά:Studies in fuzziness and soft computing ; ; 54
Θέματα:
Ετικέτες: Προσθήκη ετικέτας
Δεν υπάρχουν, Καταχωρήστε ετικέτα πρώτοι!

MARC

LEADER 00000nam a2200000 i 4500
001 1/16156
008 010122s2000 eng d
020 |a 3-7908-1324-9 
035 |l 10065675 
040 |a GR-MY-UA  |b gre  |e aacr 
041 0 |a eng 
082 0 |a 006.3 
245 1 0 |a Quo vadis computational intelligence? :  |b new trends and approaches in computational intelligence /  |c Peter Sincak, Jan Vascak (Editors) 
260 |a Heidelberg :   |b Physica-Verlag,   |c c2000 
300 |a xxii, 497 p.;  |b ill.;  |c 24 cm. 
490 1 |a Studies in fuzziness and soft computing  |v ; 54 
500 |a With 132 figures and 48 tables 
504 |a Includes bibliographical references 
650 0 0 |a Computational intelligence. 
700 1 |a Sincak, Peter  |d 1960-  |4 edt 
700 1 |a Vascak, Jan.  |4 edt 
830 0 |a Studies in fuzziness and soft computing ;  |v ; 54 
852 |a INST  |b SYROS  |e 20010122  |h 006.3 QUO  |p 005500001593  |q 005500001593  |t BK  |y 0 
901 |a BIBL5-2001-1 
909 |a Ε  |b 084485 
922 |a 5ΕΛΗ  |b 200012  |c ΓΡΑΦΙΚΩΝ ΤΕΧΝΩΝ  |d ΜΙΧΑΛΟΠΟΥΛΟΣ 
950 |a 183-2000-12-09 
970 |a ΚΟΝΤΟΥ  |b ΠΑΡΑΣΚΕΥΗ  |z 2001/01/29